<?xml version="1.0" encoding="UTF-8"?>
<record
    xmlns:xsi="http://www.w3.org/2001/XMLSchema-instance"
    xsi:schemaLocation="http://www.loc.gov/MARC21/slim http://www.loc.gov/standards/marcxml/schema/MARC21slim.xsd"
    xmlns="http://www.loc.gov/MARC21/slim">

  <leader>01563nam a22002177a 4500</leader>
  <controlfield tag="005">20251104163705.0</controlfield>
  <controlfield tag="008">251104b        |||||||| |||| 00| 0 eng d</controlfield>
  <datafield tag="020" ind1=" " ind2=" ">
    <subfield code="a">9781398543454</subfield>
  </datafield>
  <datafield tag="040" ind1=" " ind2=" ">
    <subfield code="c">AL</subfield>
  </datafield>
  <datafield tag="041" ind1=" " ind2=" ">
    <subfield code="a">eng</subfield>
  </datafield>
  <datafield tag="082" ind1=" " ind2=" ">
    <subfield code="a">823.914</subfield>
    <subfield code="b">ROBF</subfield>
  </datafield>
  <datafield tag="100" ind1=" " ind2=" ">
    <subfield code="a">Lauren Roberts</subfield>
    <subfield code="9">243907</subfield>
  </datafield>
  <datafield tag="245" ind1=" " ind2=" ">
    <subfield code="a">Fearless</subfield>
  </datafield>
  <datafield tag="260" ind1=" " ind2=" ">
    <subfield code="a">London</subfield>
    <subfield code="b">Simon and Schuster</subfield>
    <subfield code="c">2025</subfield>
  </datafield>
  <datafield tag="300" ind1=" " ind2=" ">
    <subfield code="a">522p.</subfield>
    <subfield code="b">PB</subfield>
    <subfield code="c">20x13cm</subfield>
  </datafield>
  <datafield tag="365" ind1=" " ind2=" ">
    <subfield code="2">English</subfield>
    <subfield code="a">4241</subfield>
    <subfield code="b">&#x20B9;479.20</subfield>
    <subfield code="c">&#x20B9;</subfield>
    <subfield code="d">599.00</subfield>
    <subfield code="e">20%</subfield>
  </datafield>
  <datafield tag="520" ind1=" " ind2=" ">
    <subfield code="a">OVER A MILLION COPIES SOLD. THE SIZZLING FINALE TO THE NO 1 BESTSELLING ROMANTASY PHENOMENON!&#x200B;
Praise for Powerless:
&#x2018;Nothing short of epic&#x2019; Rosie Talbot, bestselling author of Sixteen Souls
&#x2018;A thrilling fantasy with the most delicious slow-burn romance&#x2019; M.A. Kuzniar, bestselling author of Midnight in Everwood
&#x2018;[A] titillating debut&#x2019; Publishers Weekly
&#x2018;A masterpiece&#x2019; Goodreads Reader Review
&#x2018;Everyone needs to read it&#x2019; TikTok Review
&#x2018;The BEST book I&#x2019;ve read&#x2019; NetGalley Reader Review
&#x2018;A sizzling slice of fantasy romance&#x2019; Booksellers Review
Paedyn Gray and Kai Azer return to the Kingdom of Ilya...
And Paedyn has a life-altering choice to make. Whatever she decides will determine her fate &#x2013; and the fate of those around her &#x2013; forever.
In the ultimate battle of love and loyalty, who wins?
Be swept away by the conclusion to the smash hit, dagger-to-the-throat romantasy trilogy.
Follow Lauren Roberts on TikTok and Instagram @LaurenRobertsLibrary</subfield>
  </datafield>
  <datafield tag="650" ind1=" " ind2=" ">
    <subfield code="a">English Fiction</subfield>
    <subfield code="9">243714</subfield>
  </datafield>
  <datafield tag="650" ind1=" " ind2=" ">
    <subfield code="a">English Novel</subfield>
    <subfield code="9">243908</subfield>
  </datafield>
  <datafield tag="942" ind1=" " ind2=" ">
    <subfield code="2">ddc</subfield>
    <subfield code="c">BK</subfield>
  </datafield>
  <datafield tag="999" ind1=" " ind2=" ">
    <subfield code="c">240651</subfield>
    <subfield code="d">240651</subfield>
  </datafield>
  <datafield tag="952" ind1=" " ind2=" ">
    <subfield code="0">0</subfield>
    <subfield code="1">0</subfield>
    <subfield code="2">ddc</subfield>
    <subfield code="4">0</subfield>
    <subfield code="7">0</subfield>
    <subfield code="8">ENG</subfield>
    <subfield code="a">AL</subfield>
    <subfield code="b">AL</subfield>
    <subfield code="c">SK</subfield>
    <subfield code="d">2025-10-30</subfield>
    <subfield code="e">Biblios Book Point, Surathkal, Mangalore-575014</subfield>
    <subfield code="g">479.20</subfield>
    <subfield code="l">4</subfield>
    <subfield code="m">1</subfield>
    <subfield code="o">823.914 ROBF</subfield>
    <subfield code="p">077976</subfield>
    <subfield code="r">2026-04-02 12:23:10</subfield>
    <subfield code="s">2026-03-27</subfield>
    <subfield code="v">599.00</subfield>
    <subfield code="w">2025-10-25</subfield>
    <subfield code="y">BK</subfield>
  </datafield>
</record>
